[Event "GEO-ch Rapid"]
[Site "Tbilisi"]
[Date "2023.01.27"]
[Round "5"]
[White "Jojua, Davit"]
[Black "Paichadze, Luka"]
[Result "1/2-1/2"]
[WhiteElo "2557"]
[BlackElo "2514"]
[PlyCount "84"]
[EventDate "2023.01.26"]
[EventType "swiss (rapid)"]
[EventRounds "9"]
[EventCountry "GEO"]
[SourceTitle "EXT 2024"]
[Source "ChessBase"]
[SourceDate "2023.10.10"]
[SourceVersion "1"]
[SourceVersionDate "2023.10.10"]
[SourceQuality "1"]

1. d4 Nf6 2. c4 e6 3. Nf3 Bb4+ 4. Bd2 a5 5. g3 b6 6. Bg2 Bb7 7. 0-0 0-0 8. Bf4 Be7 9. Qc2 d6 10. Nc3 c5 11. Rad1 Na6 12. e4 Nb4 13. Qe2 cxd4 14. Rxd4 Qb8 15. Rd2 e5 16. Bg5 h6 17. Bxf6 Bxf6 18. Rfd1 Rd8 19. b3 Bc6 20. h4 Na6 21. Nh2 Nc5 22. Ng4 Be7 23. Ne3 Ne6 24. Nc2 Qb7 25. Bh3 Nc5 26. Nd5 Bxd5 27. cxd5 b5 28. Na3 b4 29. Nc4 a4 30. Rb1 axb3 31. axb3 Ra6 32. Kh2 Rda8 33. Bg2 Qa7 34. Rc2 Ra1 35. Rbb2 Qa6 36. Qd2 Qb5 37. Qe2 Qb8 38. Bf3 Bf8 39. Kg2 Be7 40. Kh2 Bf8 41. Kg2 Be7 42. Kh2 Bf8 1/2-1/2

[Event "Tbilisi Chiburdanidze Cup"]
[Site "Tbilisi"]
[Date "2021.09.11"]
[Round "7"]
[White "Lortkipanidze, Nodar"]
[Black "Jojua, Davit"]
[Result "1/2-1/2"]
[WhiteElo "2423"]
[BlackElo "2557"]
[PlyCount "72"]
[EventDate "2021.09.08"]
[EventType "swiss (rapid)"]
[EventRounds "8"]
[EventCountry "GEO"]
[SourceTitle "CBM 204 Extra"]
[Source "ChessBase"]
[SourceDate "2021.11.30"]
[SourceVersion "1"]
[SourceVersionDate "2021.11.30"]
[SourceQuality "1"]

1. e4 e5 2. Nc3 Nf6 3. Bc4 Bc5 4. d3 Nc6 5. f4 d6 6. f5 Na5 7. Nf3 Nxc4 8. dxc4 Bb4 9. Bg5 Bxc3+ 10. bxc3 b6 11. Bxf6 gxf6 12. Nd2 Bb7 13. 0-0 Ke7 14. Rf3 Qf8 15. Qe2 h5 16. Qd3 Rg8 17. Re1 Qh6 18. Nf1 Rg4 19. h3 Rg5 20. Ne3 Rag8 21. Re2 Qg7 22. Kh2 Kd8 23. Kh1 Rg3 24. Rxg3 Qxg3 25. Nd5 Qxd3 26. cxd3 Bxd5 27. cxd5 Rg3 28. Rd2 h4 29. Kg1 Kc8 30. Kf2 Kb7 31. Re2 Rxd3 32. Re3 Rd2+ 33. Re2 Rd3 34. Re3 Rd2+ 35. Re2 Rd3 36. Re3 Rd2+ 1/2-1/2

[Event "Tbilisi Chiburdanidze Cup"]
[Site "Tbilisi"]
[Date "2021.09.09"]
[Round "4"]
[White "Quparadze, Giga"]
[Black "Jojua, Davit"]
[Result "1/2-1/2"]
[WhiteElo "2476"]
[BlackElo "2557"]
[PlyCount "81"]
[EventDate "2021.09.08"]
[EventType "swiss (rapid)"]
[EventRounds "8"]
[EventCountry "GEO"]
[SourceTitle "CBM 204 Extra"]
[Source "ChessBase"]
[SourceDate "2021.11.30"]
[SourceVersion "1"]
[SourceVersionDate "2021.11.30"]
[SourceQuality "1"]

1. e4 c5 2. Nf3 e6 3. d4 cxd4 4. Nxd4 a6 5. Nc3 b5 6. Bd3 Bb7 7. 0-0 Nc6 8. Nxc6 Bxc6 9. Re1 Bc5 10. Qh5 Bd4 11. Be3 Nf6 12. Qg5 h6 13. Qg3 Nh5 14. Qd6 Bxe3 15. Rxe3 Qe7 16. Qc7 Qd8 17. Nd5 0-0 18. Qe5 Nf6 19. Nxf6+ Qxf6 20. Qxf6 gxf6 21. Rae1 Kh7 22. e5+ f5 23. g4 Rg8 24. Rg3 Be4 25. Bxe4 fxe4 26. Rxe4 Rac8 27. c3 Rc4 28. Rd4 Rxd4 29. cxd4 b4 30. Kf1 Rc8 31. a3 Rc1+ 32. Kg2 Rd1 33. Rb3 bxa3 34. Rxa3 Rxd4 35. h3 Rb4 36. b3 Rb6 37. f4 h5 38. Kg3 Kg6 39. Kh4 hxg4 40. hxg4 d6 41. exd6 1/2-1/2

[Event "World Corporate East B"]
[Site "Chess.com INT"]
[Date "2021.02.20"]
[Round "5.2"]
[White "Jojua, Davit"]
[Black "Unuk, Laura"]
[Result "1/2-1/2"]
[WhiteElo "2557"]
[BlackElo "2389"]
[PlyCount "54"]
[EventDate "2021.02.19"]
[EventType "team (rapid)"]
[EventRounds "7"]
[EventCountry "USA"]
[SourceTitle "EXT 2022"]
[Source "ChessBase"]
[SourceDate "2021.10.06"]
[SourceVersion "1"]
[SourceVersionDate "2021.10.06"]
[SourceQuality "1"]
[WhiteTeam "Khareba"]
[BlackTeam "Erste Group"]
[WhiteTeamCountry "GEO"]
[BlackTeamCountry "AUT"]

1. d4 Nf6 2. Nf3 e6 3. Bf4 b6 4. e3 Bb7 5. c3 Be7 6. h3 0-0 7. Bd3 c5 8. Nbd2 d5 9. Qe2 Nbd7 10. Rd1 c4 11. Bb1 b5 12. 0-0 b4 13. e4 Nxe4 14. Nxe4 dxe4 15. Bxe4 Bxe4 16. Qxe4 bxc3 17. bxc3 Nf6 18. Qc2 Nd5 19. Bd2 Qc7 20. Rb1 Rab8 21. Qa4 Bd6 22. Qc2 h6 23. Rfd1 Qa5 24. Be1 Nf4 25. Bd2 Nd5 26. Be1 Nf4 27. Bd2 Nd5 1/2-1/2

[Event "Titled Tuesday intern op 16th Feb"]
[Site "Chess.com INT"]
[Date "2021.02.16"]
[Round "5"]
[White "Jojua, Davit"]
[Black "Samani, Yamac"]
[Result "1-0"]
[WhiteElo "2557"]
[BlackElo "2246"]
[PlyCount "53"]
[EventDate "2021.02.16"]
[EventType "swiss (blitz)"]
[EventRounds "11"]
[EventCountry "USA"]
[SourceTitle "EXT 2022"]
[Source "ChessBase"]
[SourceDate "2021.10.06"]
[SourceVersion "1"]
[SourceVersionDate "2021.10.06"]
[SourceQuality "1"]

1. d4 Nf6 2. Nf3 e6 3. Bf4 c5 4. Nc3 cxd4 5. Nxd4 a6 6. e4 Bb4 7. Bd3 d6 8. Bd2 0-0 9. Qe2 Nbd7 10. a3 Bc5 11. Nb3 Ba7 12. f4 Qc7 13. g4 Nc5 14. Nxc5 Bxc5 15. g5 Nd7 16. h4 b5 17. h5 Bb7 18. g6 h6 19. gxf7+ Rxf7 20. 0-0-0 Kh8 21. Qg4 Nf8 22. Rh3 Qe7 23. Rg3 b4 24. axb4 Bxb4 25. f5 exf5 26. exf5 Qf6 27. Qxb4 1-0

[Event "Gaprindashvili Cup 3rd"]
[Site "Tornelo INT"]
[Date "2020.11.12"]
[Round "3.3"]
[White "Jojua, Davit"]
[Black "Kacharava, Nikoloz"]
[Result "1/2-1/2"]
[WhiteElo "2557"]
[BlackElo "2443"]
[PlyCount "247"]
[EventDate "2020.11.12"]
[EventType "k.o. (rapid)"]
[EventRounds "4"]
[EventCountry "GEO"]
[SourceTitle "CBM 199 Extra"]
[Source "ChessBase"]
[SourceDate "2021.01.31"]
[SourceVersion "1"]
[SourceVersionDate "2021.01.31"]
[SourceQuality "1"]

1. d4 d5 2. Bf4 c5 3. e3 Nc6 4. Nf3 Nf6 5. Nbd2 Qb6 6. dxc5 Qxb2 7. Rb1 Qc3 8. Bb5 g6 9. 0-0 Bg7 10. Be5 Qxc5 11. c4 dxc4 12. Bd4 Qh5 13. Ne5 Ng4 14. Nxg4 Bxg4 15. f3 Bxd4 16. fxg4 Bxe3+ 17. Kh1 Qc5 18. Ne4 Qd4 19. Qf3 0-0 20. Bxc6 bxc6 21. Rfd1 Qe5 22. Qxe3 Rad8 23. h3 c3 24. Qe2 Rd5 25. Re1 Rfd8 26. Rbc1 Qf4 27. Rxc3 Re5 28. Rf3 Qh6 29. Qf2 Qg7 30. g5 Rdd5 31. Rf1 Rf5 32. Qxa7 Rxf3 33. Qb8+ Qf8 34. Qxf8+ Kxf8 35. gxf3 Ra5 36. Ra1 Ra3 37. Kg2 Ke8 38. Kf2 Kd7 39. Ke2 Ke6 40. h4 Kf5 41. Nd2 Kf4 42. Rc1 Rxa2 43. Rxc6 Kg3 44. Rc7 Kxh4 45. Rxe7 Kxg5 46. Rxf7 h5 47. Ke3 Ra3+ 48. Kf2 Ra2 49. Ke3 Ra3+ 50. Kd4 Ra1 51. Ne4+ Kh6 52. f4 Ra4+ 53. Ke5 Ra5+ 54. Ke6 h4 55. Nf6 Ra6+ 56. Ke5 Ra5+ 57. Ke4 g5 58. f5 Ra4+ 59. Ke3 Ra3+ 60. Kf2 Ra2+ 61. Ke3 Ra3+ 62. Ke4 Ra4+ 63. Kd3 Ra3+ 64. Kc4 g4 65. Nxg4+ Kg5 66. Ne5 h3 67. Rh7 Kxf5 68. Nd3 Kg4 69. Nf2+ Kf5 70. Nxh3 Ra4+ 71. Kd3 Ra3+ 72. Ke2 Ra2+ 73. Kf3 Ra3+ 74. Kg2 Ra2+ 75. Kg3 Ra3+ 76. Kh4 Ra4+ 77. Kh5 Ra1 78. Rf7+ Ke5 79. Ng5 Ra6 80. Rf1 Ra2 81. Kg6 Ra6+ 82. Kg7 Ra7+ 83. Nf7+ Ke4 84. Kf6 Ra6+ 85. Ke7 Kd5 86. Rf5+ Ke4 87. Rb5 Kf4 88. Nd6 Ra1 89. Ke6 Re1+ 90. Kf6 Rh1 91. Rb4+ Ke3 92. Ke5 Kd3 93. Rb3+ Kc2 94. Rg3 Rh5+ 95. Kd4 Rh8 96. Kc4 Rh4+ 97. Kd5 Rh8 98. Nf5 Rd8+ 99. Ke4 Re8+ 100. Kd4 Rd8+ 101. Kc5 Rc8+ 102. Kd6 Rd8+ 103. Ke5 Re8+ 104. Kd5 Rd8+ 105. Nd6 Rh8 106. Nb5 Rd8+ 107. Kc4 Rc8+ 108. Kb4 Kd2 109. Nc3 Rc7 110. Rg2+ Kd3 111. Rg3+ Kd2 112. Nb5 Rc8 113. Nd4 Rc7 114. Nb3+ Ke2 115. Nc5 Kf2 116. Ra3 Rh7 117. Kc4 Rh4+ 118. Kd5 Rh5+ 119. Kd4 Rh8 120. Ne4+ Kg2 121. Rg3+ Kh2 122. Rg7 Ra8 123. Nd2 Ra4+ 124. Ke3 1/2-1/2

[Event "Gaprindashvili Cup 3rd"]
[Site "Tornelo INT"]
[Date "2020.11.12"]
[Round "4.2"]
[White "Jojua, Davit"]
[Black "Mchedlishvili, Mikheil"]
[Result "0-1"]
[WhiteElo "2557"]
[BlackElo "2570"]
[PlyCount "84"]
[EventDate "2020.11.12"]
[EventType "k.o. (rapid)"]
[EventRounds "4"]
[EventCountry "GEO"]
[SourceTitle "CBM 199 Extra"]
[Source "ChessBase"]
[SourceDate "2021.01.31"]
[SourceVersion "1"]
[SourceVersionDate "2021.01.31"]
[SourceQuality "1"]

1. d4 d5 2. Bf4 c5 3. e3 Nc6 4. Nf3 Bg4 5. c3 e6 6. Qb3 Qd7 7. Nbd2 a6 8. Qa4 c4 9. e4 b5 10. Qc2 Bd6 11. e5 Bc7 12. h3 Bf5 13. Qd1 h6 14. Be2 Nge7 15. 0-0 0-0 16. Re1 b4 17. Nf1 Rab8 18. Ng3 Bg6 19. Qc1 Nf5 20. Nf1 Bd8 21. Bd1 Qb7 22. Ba4 Na7 23. g4 Nh4 24. Nxh4 Bxh4 25. Bg3 Be7 26. h4 bxc3 27. bxc3 Qb2 28. Qe3 Nb5 29. Bxb5 axb5 30. h5 Bh7 31. a3 Ra8 32. Bf4 Rxa3 33. Rxa3 Qxa3 34. g5 b4 35. Qg3 Kh8 36. g6 fxg6 37. hxg6 Bxg6 38. Qxg6 Rxf4 39. Qxe6 Qxc3 40. Re2 Qf3 41. Ra2 Bf8 42. Ne3 b3 0-1

[Event "Gaprindashvili Cup 3rd"]
[Site "Tornelo INT"]
[Date "2020.11.12"]
[Round "1.3"]
[White "Jojua, Davit"]
[Black "Volkov, Nika"]
[Result "1-0"]
[WhiteElo "2557"]
[BlackElo "2084"]
[PlyCount "69"]
[EventDate "2020.11.12"]
[EventType "k.o. (rapid)"]
[EventRounds "4"]
[EventCountry "GEO"]
[SourceTitle "CBM 199 Extra"]
[Source "ChessBase"]
[SourceDate "2021.01.31"]
[SourceVersion "1"]
[SourceVersionDate "2021.01.31"]
[SourceQuality "1"]

1. d4 Nf6 2. c4 e6 3. Nf3 d5 4. Nc3 c6 5. Bg5 Nbd7 6. cxd5 exd5 7. e3 Bd6 8. Bd3 0-0 9. Qc2 Qa5 10. 0-0 Re8 11. a3 h6 12. Bh4 b5 13. e4 dxe4 14. Nxe4 Nxe4 15. Bxe4 Bb7 16. Rac1 Rac8 17. Bh7+ Kh8 18. Bf5 Rc7 19. Rfe1 Rg8 20. Be7 Bf4 21. Rcd1 Nf6 22. Bxf6 gxf6 23. Qe4 Bd6 24. Qh4 Kg7 25. Re4 Bc8 26. Rg4+ Kf8 27. Qxh6+ Ke7 28. Rxg8 Bxf5 29. Qf8+ Ke6 30. Qe8+ Be7 31. d5+ cxd5 32. Nd4+ Ke5 33. Nxf5 Kxf5 34. Qxf7 Qd2 35. Qh5+ 1-0

[Event "Gaprindashvili Cup 3rd"]
[Site "Tornelo INT"]
[Date "2020.11.12"]
[Round "1.6"]
[White "Volkov, Nika"]
[Black "Jojua, Davit"]
[Result "1/2-1/2"]
[WhiteElo "2084"]
[BlackElo "2557"]
[PlyCount "130"]
[EventDate "2020.11.12"]
[EventType "k.o. (rapid)"]
[EventRounds "4"]
[EventCountry "GEO"]
[SourceTitle "CBM 199 Extra"]
[Source "ChessBase"]
[SourceDate "2021.01.31"]
[SourceVersion "1"]
[SourceVersionDate "2021.01.31"]
[SourceQuality "1"]

1. d4 Nf6 2. c3 g6 3. Nf3 Bg7 4. g3 0-0 5. Bg2 d6 6. 0-0 Nbd7 7. b4 e5 8. dxe5 dxe5 9. Qc2 Re8 10. h3 c6 11. a4 Qc7 12. Na3 Nf8 13. Nc4 Bf5 14. Qb2 Nd5 15. Ne3 Be4 16. Nxd5 cxd5 17. Be3 Ne6 18. Rac1 b6 19. Rfd1 Rac8 20. Bf1 Bxf3 21. exf3 Qb7 22. Bg2 Red8 23. Qa2 d4 24. cxd4 exd4 25. Bd2 d3 26. f4 Qd7 27. Rxc8 Rxc8 28. Be3 Nd4 29. Kh1 Nc2 30. Bd2 Qd4 31. Kg1 Nxb4 32. Bxb4 Qxb4 33. Rxd3 Bd4 34. Kh2 Qc4 35. Qd2 Rd8 36. Qd1 Qc5 37. Bf3 Kg7 38. Kg2 h5 39. g4 hxg4 40. hxg4 Qd6 41. Qd2 Qc5 42. f5 Rd6 43. Qf4 Be5 44. Qe4 Rxd3 45. Qxd3 Qd4 46. Qc2 gxf5 47. Qxf5 Qf4 48. Qh5 Bd4 49. Qd5 Qd2 50. Kh3 Qxf2 51. Qg5+ Kf8 52. Qd8+ Kg7 53. Qg5+ Kf8 54. Qh6+ Ke7 55. Qg5+ Kf8 56. Qd5 Qf1+ 57. Kg3 Qf2+ 58. Kf4 Qe3+ 59. Kf5 Qe6+ 60. Qxe6 fxe6+ 61. Kxe6 Kg7 62. Kd5 Bg1 63. Be4 a5 64. Kc4 Bc5 65. Kb5 Be3 1/2-1/2

[Event "Gaprindashvili Cup op 2nd"]
[Site "Tornelo INT"]
[Date "2020.11.08"]
[Round "3"]
[White "Jojua, Davit"]
[Black "Akhvlediani, Irakli"]
[Result "1-0"]
[WhiteElo "2557"]
[BlackElo "2355"]
[PlyCount "67"]
[EventDate "2020.11.08"]
[EventType "swiss (rapid)"]
[EventRounds "9"]
[EventCountry "GEO"]
[SourceTitle "CBM 199 Extra"]
[Source "ChessBase"]
[SourceDate "2021.01.31"]
[SourceVersion "1"]
[SourceVersionDate "2021.01.31"]
[SourceQuality "1"]

1. d4 Nf6 2. c4 g6 3. g3 Bg7 4. Bg2 0-0 5. Nc3 d6 6. Nf3 Nc6 7. 0-0 e5 8. dxe5 dxe5 9. Bg5 Be6 10. Nd2 h6 11. Bxf6 Bxf6 12. Nde4 Be7 13. Qc1 Kh7 14. Rd1 Qc8 15. Nd5 Bxd5 16. cxd5 Nd4 17. Nc3 Qd7 18. e3 Nf5 19. Bh3 Qe8 20. Ne4 Nd6 21. Nc5 Rd8 22. Qc2 c6 23. Rac1 cxd5 24. Rxd5 b6 25. Na6 f6 26. Nc7 Qf7 27. Ne6 Rfe8 28. Qb3 Rc8 29. Rxc8 Nxc8 30. Rd8 Qg8 31. Rxe8 Qxe8 32. Nc7 Qd8 33. Qf7+ Kh8 34. Ne8 1-0

[Event "Silkway Cup Online"]
[Site "Playchess.com INT"]
[Date "2020.05.28"]
[Round "11"]
[White "Jojua, Davit"]
[Black "Mamedov, Rauf"]
[Result "0-1"]
[WhiteElo "2557"]
[BlackElo "2654"]
[PlyCount "56"]
[EventDate "2020.05.26"]
[EventType "swiss (blitz)"]
[EventRounds "15"]
[EventCountry "AZE"]
[SourceTitle "CBM 196"]
[Source "ChessBase"]
[SourceDate "2020.06.30"]
[SourceVersion "1"]
[SourceVersionDate "2020.06.30"]
[SourceQuality "1"]

1. d4 Nf6 2. c4 g6 3. g3 Bg7 4. Bg2 0-0 5. Nc3 d6 6. Nf3 Nbd7 7. 0-0 e5 8. e4 a6 9. Qc2 exd4 10. Nxd4 Rb8 11. Rd1 Re8 12. h3 Qe7 13. Bg5 h6 14. Be3 c5 15. Nde2 b5 16. cxb5 axb5 17. Nf4 Bb7 18. Nxb5 Bxe4 19. Bxe4 Nxe4 20. Nd5 Qe5 21. Bf4 Qf5 22. a4 Qxh3 23. Rf1 g5 24. Bxd6 Rxb5 25. axb5 Nxd6 26. b6 Ne5 27. Ra3 Ng4 28. f3 Bd4+ 0-1

[Event "Silkway Cup Online"]
[Site "Playchess.com INT"]
[Date "2020.05.28"]
[Round "12"]
[White "Kacharava, Nikoloz"]
[Black "Jojua, Davit"]
[Result "1-0"]
[WhiteElo "2437"]
[BlackElo "2557"]
[PlyCount "101"]
[EventDate "2020.05.26"]
[EventType "swiss (blitz)"]
[EventRounds "15"]
[EventCountry "AZE"]
[SourceTitle "CBM 196"]
[Source "ChessBase"]
[SourceDate "2020.06.30"]
[SourceVersion "1"]
[SourceVersionDate "2020.06.30"]
[SourceQuality "1"]

1. e4 c5 2. Nf3 Nc6 3. d4 cxd4 4. Nxd4 g6 5. c4 Nf6 6. Nc3 d6 7. Be2 Nxd4 8. Qxd4 Bg7 9. Be3 0-0 10. Qd2 Be6 11. f3 Rc8 12. Nd5 Bxd5 13. cxd5 Nd7 14. 0-0 a5 15. Rac1 Nc5 16. b3 Qb6 17. Rc4 Qa7 18. Rfc1 b5 19. R4c2 b4 20. h3 Rc7 21. Qe1 Rfc8 22. Qf2 Bc3 23. f4 a4 24. e5 axb3 25. axb3 Qb7 26. Bc4 dxe5 27. fxe5 Bxe5 28. Rf1 Rf8 29. Bxc5 Qc8 30. Bd4 Bxd4 31. Qxd4 Qd7 32. Rcf2 Qd6 33. Ra1 Rfc8 34. Qf4 Qxf4 35. Rxf4 Kg7 36. Ra4 Rb8 37. Rf1 f5 38. Rfa1 Kf6 39. Ra7 Rxa7 40. Rxa7 h5 41. Ra6+ Kg5 42. Re6 Rb7 43. d6 exd6 44. Rxd6 h4 45. Bd5 Rc7 46. Rb6 Kf4 47. Kh2 Rd7 48. Rxb4+ Ke3 49. Bf3 g5 50. Rb5 Kf4 51. Rxf5+ 1-0

[Event "Silkway Cup Online"]
[Site "Playchess.com INT"]
[Date "2020.05.28"]
[Round "8"]
[White "Rasulov, Vugar Ural Oglu"]
[Black "Jojua, Davit"]
[Result "1-0"]
[WhiteElo "2478"]
[BlackElo "2557"]
[PlyCount "131"]
[EventDate "2020.05.26"]
[EventType "swiss (blitz)"]
[EventRounds "15"]
[EventCountry "AZE"]
[SourceTitle "CBM 196"]
[Source "ChessBase"]
[SourceDate "2020.06.30"]
[SourceVersion "1"]
[SourceVersionDate "2020.06.30"]
[SourceQuality "1"]

1. d4 Nf6 2. c4 g6 3. Nf3 Bg7 4. g3 d6 5. Bg2 0-0 6. 0-0 Nc6 7. b3 e5 8. dxe5 dxe5 9. Bb2 e4 10. Nd4 Nxd4 11. Qxd4 Qxd4 12. Bxd4 Bf5 13. Nc3 c6 14. Rad1 Rfe8 15. h3 h5 16. Rd2 Bh6 17. e3 Nh7 18. g4 hxg4 19. hxg4 Bxg4 20. Nxe4 Bg7 21. Nd6 Re7 22. Bc5 Rd7 23. f3 Be6 24. Rfd1 b6 25. Ba3 Rad8 26. Ne4 Rxd2 27. Rxd2 Rxd2 28. Nxd2 c5 29. Kf2 Nf6 30. f4 Ng4+ 31. Ke2 f5 32. b4 cxb4 33. Bxb4 Bf8 34. Bc3 Bc5 35. Bd4 Bb4 36. Bd5 Kf7 37. Nf3 Ke7 38. Nh4 Bf7 39. Kf3 Nf6 40. Bxf7 Kxf7 41. Ke2 Nd7 42. Kd3 Nc5+ 43. Bxc5 Bxc5 44. e4 fxe4+ 45. Kxe4 Kf6 46. Nf3 Bd6 47. Nd4 Bc5 48. Nb5 a5 49. Nc7 Bd6 50. Nd5+ Ke6 51. Nxb6 Bc5 52. Nd5 a4 53. Nc3 a3 54. Nb5 Kd7 55. Nd4 Kd6 56. Nf3 Ke6 57. Ne5 Bb4 58. Nxg6 Kd6 59. f5 Bc3 60. Nf4 Kc5 61. Kd3 Bf6 62. Nd5 Bg5 63. Nc3 Kd6 64. Ne4+ Ke5 65. Nxg5 Kxf5 66. Ne4 1-0

[Event "Silkway Cup Online"]
[Site "Playchess.com INT"]
[Date "2020.05.28"]
[Round "10"]
[White "Sadikhov, Ulvi Ramil Oglu"]
[Black "Jojua, Davit"]
[Result "0-1"]
[WhiteElo "2496"]
[BlackElo "2557"]
[PlyCount "62"]
[EventDate "2020.05.26"]
[EventType "swiss (blitz)"]
[EventRounds "15"]
[EventCountry "AZE"]
[SourceTitle "CBM 196"]
[Source "ChessBase"]
[SourceDate "2020.06.30"]
[SourceVersion "1"]
[SourceVersionDate "2020.06.30"]
[SourceQuality "1"]

1. e4 c5 2. Nf3 Nc6 3. g3 e6 4. Bg2 Nf6 5. d3 d5 6. Nbd2 Be7 7. 0-0 b6 8. Re1 Bb7 9. c3 Qc7 10. Nf1 dxe4 11. dxe4 Rd8 12. Qa4 0-0 13. e5 Nd7 14. Bf4 Na5 15. h4 c4 16. Qc2 Nc5 17. Ng5 Nd3 18. Bxb7 Qxb7 19. Re3 h6 20. Ne4 Nc6 21. Ned2 b5 22. a4 a6 23. b4 g5 24. hxg5 hxg5 25. Ne4 gxf4 26. gxf4 f5 27. exf6 Bxf6 28. Rg3+ Bg7 29. Qe2 Nxf4 30. Qg4 Ne5 31. Re1 Nxg4 0-1

[Event "Silkway Cup Online"]
[Site "Playchess.com INT"]
[Date "2020.05.26"]
[Round "2"]
[White "Khalafova, Narmin Ilgar Qizi"]
[Black "Jojua, Davit"]
[Result "0-1"]
[WhiteElo "2279"]
[BlackElo "2557"]
[PlyCount "25"]
[EventDate "2020.05.26"]
[EventType "swiss (blitz)"]
[EventRounds "15"]
[EventCountry "AZE"]
[SourceTitle "CBM 196"]
[Source "ChessBase"]
[SourceDate "2020.06.30"]
[SourceVersion "1"]
[SourceVersionDate "2020.06.30"]
[SourceQuality "1"]

1. e4 c5 2. Be2 Nc6 3. f4 e6 4. Nf3 d5 5. d3 Nf6 6. e5 Ng8 7. c3 Nh6 8. Na3 Bd7 9. Nc2 Nf5 10. 0-0 h5 11. Qe1 Qb6 12. Rb1 a6 13. Qf2 0-1

[Event "GEO-ch 79th"]
[Site "Tbilisi"]
[Date "2020.01.31"]
[Round "1.3"]
[White "Jojua, Davit"]
[Black "Morchiashvili, Bachana"]
[Result "1-0"]
[WhiteElo "2563"]
[BlackElo "2312"]
[PlyCount "91"]
[EventDate "2020.01.29"]
[EventType "k.o."]
[EventRounds "4"]
[EventCountry "GEO"]
[SourceTitle "CBM 194 Extra"]
[Source "ChessBase"]
[SourceDate "2020.03.31"]
[SourceVersion "1"]
[SourceVersionDate "2020.03.31"]
[SourceQuality "1"]

1. d4 Nf6 2. c4 g6 3. g3 Bg7 4. Bg2 0-0 5. Nc3 d6 6. Nf3 Nbd7 7. 0-0 e5 8. e4 c6 9. h3 exd4 10. Nxd4 Re8 11. Be3 a5 12. Qc2 a4 13. Rad1 Qa5 14. Rfe1 Nc5 15. f4 Nfd7 16. Bf2 a3 17. b3 Na6 18. Nde2 Nb4 19. Qb1 Bf8 20. Na4 Qc7 21. Rd2 b6 22. Red1 Nc5 23. Nec3 f5 24. Nxc5 bxc5 25. Qc1 Qg7 26. exf5 Bxf5 27. g4 Be6 28. Ne4 h6 29. Qb1 h5 30. Nxd6 Bxd6 31. Rxd6 hxg4 32. hxg4 Bf7 33. Bxc5 Rab8 34. Bd4 Qh6 35. Bf3 Rbd8 36. g5 Qh7 37. Be5 Rxd6 38. Rxd6 Be6 39. Qe1 c5 40. Ba1 Bf7 41. Qd2 Qh3 42. Bg2 Qg3 43. Rd8 Kh7 44. Rxe8 Bxe8 45. Qe2 Bf7 46. Qe5 1-0

[Event "GEO-ch 79th"]
[Site "Tbilisi"]
[Date "2020.01.31"]
[Round "1.4"]
[White "Morchiashvili, Bachana"]
[Black "Jojua, Davit"]
[Result "1-0"]
[WhiteElo "2312"]
[BlackElo "2563"]
[PlyCount "73"]
[EventDate "2020.01.29"]
[EventType "k.o."]
[EventRounds "4"]
[EventCountry "GEO"]
[SourceTitle "CBM 194 Extra"]
[Source "ChessBase"]
[SourceDate "2020.03.31"]
[SourceVersion "1"]
[SourceVersionDate "2020.03.31"]
[SourceQuality "1"]

1. d4 Nf6 2. c4 g6 3. Nc3 d5 4. cxd5 Nxd5 5. e4 Nxc3 6. bxc3 Bg7 7. Nf3 c5 8. Rb1 0-0 9. Be2 b6 10. 0-0 e6 11. Be3 cxd4 12. cxd4 Bb7 13. Qd3 Nc6 14. Rfd1 Qd6 15. Bg5 Rac8 16. h4 h6 17. Bc1 Rfd8 18. Ba3 Qd7 19. Qe3 Nxd4 20. Nxd4 Bxd4 21. Qxh6 Qa4 22. Rxd4 Qxa3 23. Rxd8+ Rxd8 24. Qg5 Rc8 25. Bf3 Qxa2 26. Rd1 Qc2 27. Qe5 Qc7 28. Qf6 Re8 29. h5 Qe7 30. Qa1 a6 31. hxg6 fxg6 32. Qb1 b5 33. e5 Bxf3 34. Qxg6+ Kf8 35. Rd4 Qc5 36. Qf6+ Kg8 37. Qg5+ 1-0

[Event "GEO-ch 79th"]
[Site "Tbilisi"]
[Date "2020.01.31"]
[Round "1.6"]
[White "Morchiashvili, Bachana"]
[Black "Jojua, Davit"]
[Result "1/2-1/2"]
[WhiteElo "2312"]
[BlackElo "2563"]
[PlyCount "83"]
[EventDate "2020.01.29"]
[EventType "k.o."]
[EventRounds "4"]
[EventCountry "GEO"]
[SourceTitle "CBM 194 Extra"]
[Source "ChessBase"]
[SourceDate "2020.03.31"]
[SourceVersion "1"]
[SourceVersionDate "2020.03.31"]
[SourceQuality "1"]

1. c4 g6 2. g3 Bg7 3. Bg2 Nf6 4. Nc3 0-0 5. Nf3 d6 6. 0-0 e5 7. d3 Re8 8. Bg5 h6 9. Bxf6 Bxf6 10. Rb1 a5 11. a3 c6 12. b4 axb4 13. axb4 d5 14. cxd5 cxd5 15. e4 d4 16. Nd5 Be6 17. Nd2 Bg7 18. Nc4 b5 19. Na5 Ra7 20. f4 exf4 21. Nxf4 Rc7 22. Bh3 Bxh3 23. Nxh3 Nd7 24. Nf4 Nb6 25. Qb3 Qg5 26. Rf2 h5 27. Rbf1 h4 28. Kg2 hxg3 29. hxg3 Be5 30. Qa2 Rec8 31. Ne2 Qe7 32. Rxf7 Qxf7 33. Rxf7 Rxf7 34. Qe6 Rc2 35. Qe8+ Rf8 36. Qxe5 Rxe2+ 37. Kh3 Nd7 38. Qe6+ Rf7 39. Nc6 Nf8 40. Qd5 Kg7 41. Nxd4 Re3 42. Nf5+ 1/2-1/2

[Event "GEO-ch 79th"]
[Site "Tbilisi"]
[Date "2020.01.29"]
[Round "1.1"]
[White "Morchiashvili, Bachana"]
[Black "Jojua, Davit"]
[Result "0-1"]
[WhiteElo "2312"]
[BlackElo "2563"]
[PlyCount "58"]
[EventDate "2020.01.29"]
[EventType "k.o."]
[EventRounds "4"]
[EventCountry "GEO"]
[SourceTitle "CBM 194 Extra"]
[Source "ChessBase"]
[SourceDate "2020.03.31"]
[SourceVersion "1"]
[SourceVersionDate "2020.03.31"]
[SourceQuality "1"]

1. d4 Nf6 2. c4 g6 3. Nc3 Bg7 4. e4 d6 5. Nf3 0-0 6. Be2 e5 7. 0-0 Nc6 8. d5 Ne7 9. b4 a5 10. Ba3 b6 11. bxa5 Rxa5 12. Bb4 Ra8 13. a4 Nh5 14. a5 bxa5 15. Rxa5 Rb8 16. Nb5 c6 17. Bxd6 cxb5 18. Bxb8 Qxa5 19. d6 Nc6 20. Bc7 Qa2 21. cxb5 Nf4 22. bxc6 Nxe2+ 23. Kh1 Nc3 24. Qd3 Ba6 25. Qxc3 Bxf1 26. Kg1 Qb1 27. g4 Bb5+ 28. Kg2 Qxe4 29. d7 Bxc6 0-1

[Event "Tbilisi Maia Cup rapid"]
[Site "Tbilisi"]
[Date "2019.09.06"]
[Round "7"]
[White "Jojua, Davit"]
[Black "Purtseladze, Maka"]
[Result "1-0"]
[WhiteElo "2563"]
[BlackElo "2274"]
[PlyCount "61"]
[EventDate "2019.09.05"]
[EventType "swiss (rapid)"]
[EventRounds "9"]
[EventCountry "GEO"]
[SourceTitle "EXT 2020"]
[Source "ChessBase"]
[SourceDate "2019.10.17"]
[SourceVersion "1"]
[SourceVersionDate "2019.10.17"]
[SourceQuality "1"]

1. d4 Nf6 2. c4 e6 3. Nf3 Bb4+ 4. Nbd2 a5 5. Qc2 d5 6. e3 0-0 7. Bd3 b6 8. 0-0 Bb7 9. Ne5 Nbd7 10. Ndf3 Nxe5 11. Nxe5 Bd6 12. b3 c5 13. Bb2 Rc8 14. Qe2 cxd4 15. exd4 Qc7 16. Rac1 Qb8 17. Qe3 dxc4 18. bxc4 Rfd8 19. Rfe1 Bxe5 20. dxe5 Nd7 21. Qh3 h6 22. Re3 Nc5 23. Bc2 Rd7 24. Rg3 Kh8 25. Re1 Rd2 26. Bc1 Rcd8 27. Qg4 g6 28. Bxd2 Rxd2 29. Bxg6 fxg6 30. Qf4 Rd7 31. Rxg6 1-0